Química

Uloženo v:
Podrobná bibliografie
Hlavní autor: Chang, Raymond (Autor)
Médium: Kniha
Jazyk:španělština
Vydáno: Ciudad de México McGraw-Hill Interamericana 2010
Vydání:6a. ed
Témata:
Tagy: Přidat tag
Žádné tagy, Buďte první, kdo vytvoří štítek k tomuto záznamu!

MARC

LEADER 00000cam a2200000 a 4500
001 UCG9396
003 CL-VaPUC
008 120316e20100000MX |||||||||||||||||spa|d
020 |a 9786071503077 
082 0 4 |a 540  |b CHA  |2 21 
100 0 |a Chang, Raymond  |e author  |9 560944 
245 1 0 |a Química 
250 |a 6a. ed 
300 |a 1085 p 
942 |c BK 
945 |d 20120316 00:00:00  |a cmena 
260 |a Ciudad de México  |b McGraw-Hill Interamericana  |c 2010 
500 |a Traducido de la 10a.ed. en inglés 
650 0 |a Átomos  |9 259583 
650 0 |a Reacciones químicas  |9 259438 
650 0 |a Termoquímica  |9 337401 
650 0 |a Teoría cuántica  |9 266148 
650 0 |a Propiedades químicas   |9 345805 
650 7 |a QUIMICA NUCLEAR  |2 CL-VaPUC  |9 560945 
650 0 |a Química orgánica   |9 259426 
650 0 |a Polímeros  |9 271736 
583 |a last modification  |c 20121214 12:12:08  |k Rodrigo Vera 
999 |c 346951  |d 346949 
952 |0 0  |1 0  |2 ddc  |4 0  |6 540_000000000000000_CHA_2010  |7 0  |8 A  |9 447968  |a BIBING  |b BIBING  |c RES  |d 2019-11-22  |i 4887077  |l 1  |o 540 CHA 2010  |p 4887077  |r 2025-01-20  |s 2024-04-11  |w 2019-11-22  |y BK  |k ING 
952 |0 0  |1 0  |2 ddc  |4 0  |6 540_000000000000000_CHA_2010  |7 0  |8 A  |9 447969  |a BIBING  |b BIBING  |c RES  |d 2019-11-22  |i 4887085  |o 540 CHA 2010  |p 4887085  |r 2025-01-20  |w 2019-11-22  |y BK  |k ING 
952 |0 0  |1 0  |2 ddc  |4 0  |6 540_000000000000000_CHA_2010  |7 0  |8 A  |9 447970  |a BIBING  |b BIBING  |c RES  |d 2019-11-22  |i 4887093  |o 540 CHA 2010  |p 4887093  |r 2025-01-20  |w 2019-11-22  |y BK  |k ING 
952 |0 0  |1 0  |2 ddc  |4 0  |6 540_000000000000000_CHA_2010  |7 0  |8 A  |9 447971  |a BIBING  |b BIBING  |c RES  |d 2019-11-22  |i 4887107  |l 1  |o 540 CHA 2010  |p 4887107  |r 2025-01-20  |s 2022-06-29  |w 2019-11-22  |y BK  |k ING 
952 |0 0  |1 0  |2 ddc  |4 0  |6 540_000000000000000_CHA_2010  |7 0  |8 A  |9 447972  |a BIBING  |b BIBING  |c RES  |d 2019-11-22  |i 493458K  |o 540 CHA 2010  |p 493458K  |r 2025-01-20  |w 2019-11-22  |y BK  |k EIB 
952 |0 0  |1 0  |2 ddc  |4 0  |6 540_000000000000000_CHA_2010  |7 0  |8 A  |9 447973  |a BIBING  |b BIBING  |c RES  |d 2019-11-22  |i 4934598  |l 3  |o 540 CHA 2010  |p 4934598  |r 2025-01-20  |s 2023-05-22  |w 2019-11-22  |y BK  |k EIB